| 000 | 00645nam a2200253Ia 4500 | ||
|---|---|---|---|
| 003 | OSt | ||
| 005 | 20221006142448.0 | ||
| 006 | a|||||r|||| 00| 0 | ||
| 007 | ta | ||
| 008 | 221006b |||||||| |||| 00| 0 eng d | ||
| 020 |
_c _7.50 |
||
| 024 | _a6,404 | ||
| 037 | _cTextual | ||
| 040 |
_aEASL _cEASL _beng |
||
| 041 |
_2eng _aeng |
||
| 082 | _aY.41.M9, K6; | ||
| 100 |
_aMARTIN W.A.P _9647772 |
||
| 245 | 0 |
_aCycle of cathay _b China, South and North |
|
| 260 |
_aTaipei _bCh'Eng Pub. _c1967 |
||
| 300 |
_a464p. _ccm. |
||
| 650 | _aCEL | ||
| 942 |
_hY.41.M9, K6; _cTEXL _2CC |
||
| 999 |
_c1074490 _d1074490 |
||